Politics of PRCs and the Morans in Arunachal Pradesh (Record no. 533154)
[ view plain ]
| 000 -LEADER | |
|---|---|
| fixed length control field | 00869nam a22001337a 4500 |
| 008 - FIXED-LENGTH DATA ELEMENTS--GENERAL INFORMATION | |
| fixed length control field | 260427b ||||| |||| 00| 0 eng d |
| 100 ## - MAIN ENTRY--PERSONAL NAME | |
| Personal name | Baruah, Priyanandini Sharma, Priyanka and Dutta, Dibyajyoti |
| 245 ## - TITLE STATEMENT | |
| Title | Politics of PRCs and the Morans in Arunachal Pradesh |
| 260 ## - PUBLICATION, DISTRIBUTION, ETC. (IMPRINT) | |
| Place of publication, distribution, etc | Economic & Political Weekly |
| 300 ## - PHYSICAL DESCRIPTION | |
| Extent | 61(8), Feb 21, 2026: p.20-22 |
| 520 ## - SUMMARY, ETC. | |
| Summary, etc | The demand for permanent residential certificates by non-Arunachal Pradesh Scheduled Tribes, including the Morans, has been a long-standing issue in the internal governance of AP. An enquiry into these developments must look at both sides of the debate, the apprehensions of the APSTs and the assertions of the non-APSTs.-Reproduced https://www.epw.in/journal/2026/8/commentary/politics-prcs-and-morans-arunachal-pradesh.html |
| 773 ## - HOST ITEM ENTRY | |
| Main entry heading | Economic & Political Weekly |
| 942 ## - ADDED ENTRY ELEMENTS (KOHA) | |
| Item type | Articles |
| Withdrawn status | Lost status | Source of classification or shelving scheme | Damaged status | Not for loan | Permanent location | Current location | Date acquired | Serial Enumeration / chronology | Barcode | Date last seen | Koha item type |
|---|---|---|---|---|---|---|---|---|---|---|---|
| Indian Institute of Public Administration | Indian Institute of Public Administration | 2026-04-27 | 61(8), Feb 21, 2026: p.20-22 | AR138665 | 2026-04-27 | Articles |
